000 00484nam a22002177a 4500
003 UA-OsUOA
001 36265
007 ta
008 20060120b un ||||| |||| 00| 0 ukr d
100 _aГорбунова О.
090 _a32
942 _cSA
040 _aUA-OsUOA
_bukr
_cUA-OsUOA
_dUA-OsUOA
245 _aРозплата. Парламентська хроніка
300 _aС.2
955 _a0
041 _aukr
080 _a32
773 0 _w36264
650 7 _2UDC
999 _c322506
_d322506